000 00436nam a2200193Ia 4500
005 20240823053607.0
008 240823s9999||||xx |||||||||||||| ||und||
020 _a978-81-248-0061-4
041 _aENGLISH
082 _A822.33 Q3
100 _aWilliam Shakespeare
245 0 _aAntony and Clepatra
250 _a1st
260 _c2012
_bPeacock
500 _aYES
650 _aNovel
_bEnglish
942 _cBK
999 _c224509
_d224509